000 00864nam a2200217 a 4500
005 20220629085754.0
008 010313s2013 mx r 000 0 spa d
020 _a9786074510720
035 _aUPN01000044840
049 _aCG
050 4 _aLA428.7
_bR2.3 2013
100 1 _aRamírez García, Rosalba Genoveva
_933459
245 1 0 _aCambiar, interrumpir o abandonar :
_bla construcción de experiencias de los estudiantes en su tránsito por una institución de educación superior tecnológica /
_cRosalba Genoveva Ramírez García.
250 _a2a ed.
260 _aMéxico :
_bANUIES,
_c2013.
300 _a293 p. :
_bgráfs., cuadros
440 0 _aBiblioteca de la educación superior.
_pInvestigaciones
650 4 _aEstudiantes universitarios
_zMéxico
_911867
650 4 _aTECNOLOGIA -
_xESTUDIO Y ENSEÑANZA (SUPERIOR) -
_zMEXICO
_925438
905 _aLibro
999 _c44840
_d44840